000
00296nam a22001337a 4500
008
170620b xxu||||| |||| 00| 0 eng d
020
_a
0813300320
041
_a
eng
080
_a
94
100
_a
18
101
_a
SHP
245
_a
CUBA DILEMMAS OF A REVOLUTION
_c
JUAN.M
942
_2
udc
_c
BK
999
_c
18262
_d
18262